| 000 | 00326nam a2200121Ia 4500 | ||
|---|---|---|---|
| 008 | 210430s9999 xx 000 0 und d | ||
| 082 | _a604.2 J751 A | ||
| 100 |
_aCity and Guild _954398 |
||
| 245 | 4 |
_aThe Auto Cad 2004 vol 1 _cCity and Guild |
|
| 260 |
_aSCME _bCity and Guild _c2012 |
||
| 300 | _a15:16 P | ||
| 942 |
_cBK _2ddc |
||
| 999 |
_c564973 _d564973 |
||